000 00803nam a22002657a 4500
001 6430
003 FISKH
005 20250430112144.0
008 250430b cb ||||| |||| 00| 0 eng d
020 _a9780545767309
040 _aFISKH
_beng
_cFISKH
_dFISKH
050 _aPZ7
082 _a398.209
100 _aCharlesworth, Liza
245 _aJack and the Beanstalk /
_cretold by Liza Charlesworth ; illustrated by Ian Smith
260 _aNew York :
_bScholastic,
_c2014
300 _a16 pages :
_bcolor illustrations ;
_c23 cm
505 _aG
520 _aJack gets beans. Are the beans bad? Or are they magic?
521 8 _a300
_bLexile estimate
521 8 _aG
_bRaz-Plus
650 _aBeginner Books
_vEasy Reader
_xFairy Tale
942 _2ddc
_cBK
_n0
999 _c6430
_d6430